000
00339nam a2200145Ia 4500
003
OSt
005
20231220061812.0
008
170524s9999 xx 000 0 und d
020
_a
8126123338
040
_c
IIMT UNIVERSITY
100
_a
SHAMSHI- N A
245
0
_a
JOURNALISM : EDITING
260
_b
ANMOL PUB. : NEW DELHI
942
_2
ddc
_c
01
999
_c
9230
_d
9230